Surmount & dilute : the current predicament : small high-rise/high-rise/super high-rise (Record no. 7985)

000 -LEADER
fixed length control field 00394nam a22001457a 4500
003 - CONTROL NUMBER IDENTIFIER
control field OSt
005 - DATE AND TIME OF LATEST TRANSACTION
control field 20200615130557.0
008 - FIXED-LENGTH DATA ELEMENTS--GENERAL INFORMATION
fixed length control field 200615b ||||| |||| 00| 0 eng d
020 ## - INTERNATIONAL STANDARD BOOK NUMBER
International Standard Book Number 9787503871313
082 ## - DEWEY DECIMAL CLASSIFICATION NUMBER
Classification number 728.314
Item number SHU
110 ## - MAIN ENTRY--CORPORATE NAME
Corporate name or jurisdiction name as entry element Shun Li
245 ## - TITLE STATEMENT
Title Surmount & dilute : the current predicament : small high-rise/high-rise/super high-rise
260 ## - PUBLICATION, DISTRIBUTION, ETC. (IMPRINT)
Place of publication, distribution, etc China
Name of publisher, distributor, etc Krilly
Date of publication, distribution, etc 2013
942 ## - ADDED ENTRY ELEMENTS (KOHA)
Source of classification or shelving scheme
Holdings
Withdrawn status Lost status Source of classification or shelving scheme Damaged status Koha normalized classification for sorting Not for loan Permanent location Current location Date acquired Full call number Barcode Date last seen Price effective from Koha item type
        728_314000000000000_SHU   BMS College of Architecture, Design and Planning BMS College of Architecture, Design and Planning 2020-06-15 728.314 SHU AR-UG1818 2020-06-15 2020-06-15 UG Books
Copyright © 2025, The Librarian, Library and Information Centre, BMSCA D&P, Bengaluru. All Rights Reserved
web counter

Powered by Koha